Statistics for NAHL Jerseys

Click here to take the quiz!

General Stats

  • This quiz has been taken 19 times
  • The average score is 19 of 29

Answer Stats

Answer% Correct
Aberdeen Wings
100%
Austin Bruins
100%
North Iowa Bulls
100%
Bismarck Bobcats
92%
Maine Nordiques
92%
Danbury Jr. Hat Tricks
83%
New Jersey Titans
83%
Northeast Generals
83%
St. Cloud Norsemen
83%
Chippewa Steel
75%
Janesville Jets
75%
Minnesota Wilderness
75%
Amarillo Wranglers
67%
El Paso Rhinos
67%
Wisconsin Windigo
67%
Johnstown Tomahawks
58%
Lone Star Brahmas
58%
Maryland Black Bears
58%
Minot Minotauros
58%
Odessa Jackalopes
58%
Philadelphia Rebels
58%
Corpus Christi IceRays
50%
Fairbanks Ice Dogs
50%
Shreveport Mudbugs
50%
Anchorage Wolverines
42%
New Mexico Ice Wolves
42%
Springfield Jr. Blues
42%
Kenai River Brown Bears
33%
Oklahoma Warriors
33%

Score Distribution

Percentile by Number Answered

Percent of People with Each Score

Your Score History

You have not taken this quiz